| 000 | 00491cam a22002051 4500 | ||
|---|---|---|---|
| 001 | sa 66003354 | ||
| 003 | DLC | ||
| 005 | 20260227112235.0 | ||
| 008 | 881028s1965 xx 000 0 benr | ||
| 010 | _asa 66003354 | ||
| 035 | _a(OCoLC)23540074 | ||
| 040 |
_aDLC _cMiU _dDLC |
||
| 042 | _apremarc | ||
| 050 | 0 | 0 |
_aPK1718.C3938 _bB5 |
| 100 | 1 | _aChakraborty, Bijan. | |
| 245 | 1 | 0 | _aBidyāsundarera Mālinī. |
| 260 |
_a[n.p. _c1965] |
||
| 300 |
_a239 p. _c22 cm. |
||
| 500 | _aRomanized. | ||
| 999 |
_c68833 _d68833 |
||